Physical applications of homogeneous balls (Record no. 486)

MARC details
000 -LEADER
fixed length control field 00643 a2200181 4500
001 - CONTROL NUMBER
control field 066431
003 - CONTROL NUMBER IDENTIFIER
control field OSt
005 - DATE AND TIME OF LATEST TRANSACTION
control field 20210928122622.0
008 - FIXED-LENGTH DATA ELEMENTS--GENERAL INFORMATION
fixed length control field
082 ## - DEWEY DECIMAL CLASSIFICATION NUMBER
Classification number 530.154
Item number F91P
100 1# - MAIN ENTRY--PERSONAL NAME
Personal name Friedman, Yaakov
245 1# - TITLE STATEMENT
Title Physical applications of homogeneous balls
Statement of responsibility, etc by Yaakov Friedman and Tzvi Scarr
260 ## - PUBLICATION, DISTRIBUTION, ETC. (IMPRINT)
Place of publication, distribution, etc Boston
Name of publisher, distributor, etc Birkhouser
Date of publication, distribution, etc 2004
300 ## - PHYSICAL DESCRIPTION
Extent 279p.
690 ## - LOCAL SUBJECT ADDED ENTRY--TOPICAL TERM (OCLC, RLIN)
Topical term or geographic name as entry element Mathematical physics--Mathematical models; Special relativity (Physics); Homogeneous spaces; Mathematical physics; Mathematics; Topological groups; Geometry; Global differential geometry
700 ## - ADDED ENTRY--PERSONAL NAME
Personal name Scarr, Tzvi
942 ## - ADDED ENTRY ELEMENTS (KOHA)
Source of classification or shelving scheme Dewey Decimal Classification
Koha item type Books
Holdings
Withdrawn status Lost status Source of classification or shelving scheme Damaged status Not for loan Collection code Home library Current library Date acquired Source of acquisition Cost, normal purchase price Full call number Barcode Date last seen Price effective from Koha item type
    Dewey Decimal Classification     General Text Book Central University Of Rajasthan Central University Of Rajasthan 07/03/2012 MTH 4277.00 530.154 F91P 717 21/11/2024 02/09/2020 Books